01449cam a22003495a 45000010009000000050017000090080041000260100017000670200038000840400038001220820020001602450109001802460036002892500012003252600063003373000034004005040051004346500022004856500036005076500022005436510010005656530023005756550021005987000027006197000032006467000033006789420008007119990017007199520127007369520118008639520118009811812780020171024113259.0140418t2014 flua frb 001 0 eng d a 2014015403 a9781842145647 (hbk. : alk. paper) aDNLM/DLCbengcDLCdDLCdEG-ScBUE04a668.55bHAN22200aHandbook of cosmetic science and technology /cedited by André O. Barel, Marc Paye, Howard I. Maibach.30aCosmetic science and technology a4th ed. aBoca Raton :bCRC Press / Taylor & Francis Group,cc.2014. axiv, 711 p. :bill. ;c29 cm. aIncludes bibliographical references and index. 7aCosmetics.2BUEsh 7aConsumer Product Safety.2BUEsh 7aSkin Care.2BUEsh 2BUEsh bPPhrmcOctober2017 vText book9337281 aBarel, A. O.,eeditor.1 aPaye, Marc,d1959-eeditor.1 aMaibach, Howard I.,eeditor. 2ddc c25499d25471 00102ddc40708BaccahaMAINbMAINc1STd2017-10-24ePurchaseg2390.00l0o668.55 HANp000042201r2025-07-15 00:00:00yNB 00102ddc40708BaccahaMAINbMAINc1STd2017-10-24ePurchasel0o668.55 HANp000042202r2025-07-15 00:00:00yBB 00102ddc40708BaccahaMAINbMAINc1STd2017-10-24ePurchasel0o668.55 HANp000042203r2025-07-15 00:00:00yBB